• 首页
  • 本馆介绍
  • 公告通知
  • 最新文献
  • 馆藏检索
  • 电子资源
  • 读者导购
  • 参考咨询
  • 我的图书馆
  • 登录
  • 详细信息显示
  • 放入我的书架
  • 预约/预借图书
  • 作者相关作品
  • 分类相关作品
  • 丛书相关作品
  • 出版社相关作品

书目信息

  • 表格格式
  • 工作单格式
  • 卡片格式
题名:
国学
    
 
作者: 傅建明 主编 ;周华青 , 方敏 册主编
分册: 第八册   《礼记》《周易》(选)
出版信息: 北京   北京大学出版社  2015.8
页数: 112页
开本: 26cm
丛书名:
单 册:
中图分类: G624.201 , H194.1
科图分类:
主题词: 中华文化--小学--教材 , 古汉语--启蒙读物
电子资源:
ISBN: 978-7-301-25958-0
000 01509nam0 2200301 45
001 012001003080
005 20210923104231.70
010    @a978-7-301-25958-0@dCNY38.00
100    @a20150920d2015 ce y0chiy0110 ea
101 0  @achi
102    @aCN@b110000
105    @aa z 000yy
106    @ar
200 1  @a国学@h第八册@i《礼记》《周易》(选)@f傅建明主编@g周华青, 方敏册主编@Aguo xue
210    @a北京@c北京大学出版社@d2015.8
215    @a112页@c彩图@d26cm@e1光盘
307    @a附光盘:ISBN 978-7-88099-465-0
314    @a册主编:周华青、方敏
330    @a本套书是根据教育部日前印发的《完善中华优秀传统文化教育指导纲要》中关于“把中华优秀传统文化教育系统融入课程和教材体系”“鼓励有条件的地方组织编写多层次、成系列的普及读物”等精神编写的。本教材以国家基础教育课程标准为参照,旨在让少年儿童通过对国学经典的系统学习来激发学习国学的兴趣,认识国学的价值,增进国学的素养,培育学生对中华优秀传统文化的亲切感,培养学生热爱中华优秀传统文化的感情;提高学生对中华优秀传统文化的感受力,了解中华优秀传统文化的丰富多彩。本套《国学》教材共12册,分别供小学6个年级12个学期使用。根据少年儿童的年龄特征和认知特点,按照循序渐进的学习原则,全套教材分为三个学段,涵盖了国学经典的基本内容。
606 0  @a中华文化@x小学@j教材
606 0  @a古汉语@j启蒙读物
690    @aG624.201@v5
690    @aH194.1@v5
701  0 @a傅建明@Afu jian ming@f(1964~)@4主编
702  0 @a周华青@Azhou hua qing@4册主编
702  0 @a方敏@Afang min@4册主编
801    @aCN@bAHXH@c20210922
905    @b1283361-5@dG624.201@e2004:8@f5
    
    国学.第八册.《礼记》《周易》(选)/傅建明主编/周华青, 方敏册主编.-北京:北京大学出版社,2015.8
    112页:彩图;26cm+1光盘
    
    
    ISBN 978-7-301-25958-0:CNY38.00
    本套书是根据教育部日前印发的《完善中华优秀传统文化教育指导纲要》中关于“把中华优秀传统文化教育系统融入课程和教材体系”“鼓励有条件的地方组织编写多层次、成系列的普及读物”等精神编写的。本教材以国家基础教育课程标准为参照,旨在让少年儿童通过对国学经典的系统学习来激发学习国学的兴趣,认识国学的价值,增进国学的素养,培育学生对中华优秀传统文化的亲切感,培养学生热爱中华优秀传统文化的感情;提高学生对中华优秀传统文化的感受力,了解中华优秀传统文化的丰富多彩。本套《国学》教材共12册,分别供小学6个年级12个学期使用。根据少年儿童的年龄特征和认知特点,按照循序渐进的学习原则,全套教材分为三个学段,涵盖了国学经典的基本内容。
●
相关链接 在E读中查询图书 在五车中查询图书 在当当中查询图书 在豆瓣中查询图书


正题名:国学     索取号:G624.201/2004:8         预约/预借

序号 登录号 条形码 馆藏地/架位号 状态 备注
1 1283361   212833610   第一样本阅览室/ [索取号:G624.201/2004:8] 在馆    
2 1283362   212833629   教育系资料室/ [索取号:G624.201/2004:8] 在馆    
3 1283363   212833638   教育系资料室/ [索取号:G624.201/2004:8] 在馆    
4 1283364   212833647   第四借阅区/ [索取号:G624.201/2004:8] 在馆    
5 1283365   212833656   第四借阅区/ [索取号:G624.201/2004:8] 在馆    
唐山师范学院图书馆 欢迎您!
大连网信软件有限公司© 版权所有